Competing in the information age: strategic alignment in practice

Salvato in:
Dettagli Bibliografici
Autore principale: Luftman, Jerry N. (autor)
Natura: Libro
Lingua:inglese
Pubblicazione: Nueva York Oxford University 1996
Edizione:1a. ed
Soggetti:
Tags: Aggiungi Tag
Nessun Tag, puoi essere il primo ad aggiungerne!!

MARC

LEADER 00000nam a2200000 a 4500
001 UCK7898
003 CL-VaPUC
008 051230e19960000US |||||||||||||||||eng|d
020 |a 0195090160 
082 0 4 |a 658.403  |b LUF  |2 21 
100 |a Luftman, Jerry N.  |e autor  |9 497595 
245 1 0 |a Competing in the information age: strategic alignment in practice 
250 |a 1a. ed 
300 |a 414 p 
942 |c BK 
945 |d 20051230 00:00:00  |a cmena 
260 |a Nueva York  |b Oxford University  |c 1996 
650 0 |a Cambio organizacional   |9 260741 
650 0 |a Planificación estratégica   |9 259735 
650 0 |a Gestión de la información   |9 362327 
650 0 |a Competitividad   |9 308495 
583 |a last modification  |c 20051230 00:00:00  |k Rodrigo Vera 
999 |c 315734  |d 315732 
952 |0 0  |1 0  |4 0  |6 658_403000000000000_LUF_1996  |7 0  |8 A  |9 389403  |a BIBING  |b BIBING  |d 2019-11-22  |i 4193601  |o 658.403 LUF 1996  |p 4193601  |r 2025-01-20  |w 2019-11-22  |y BK  |k EII